00883nam a2200193 a 450000100100000000500170001000800410002702000180006804000250008624501110011126000440022230000110026649000250027783000320030295201220033495201110045695201050056799900170067200003799520201002031140.0130311s2012 dr 000 0 spa d a9789945005974 aDO-SdBNPbspacBNPHU00aVeinte veces luna es poesía :bantología poética /cedición, presentación y notas de Rei Berroa. aSanto Domingo :bEditora Búho,c2012. a342 p.1 aLibros de la lunav7 0aLibros de la lunan7964402 00102ddc718DSaBNPHUbBNPHUcCTd2013-03-11iLF1l0o p37995-30r2020-06-25te. 3w2020-06-25yLFDSZNo se presta 0010718PDaPDbPDcCTd2013-03-11iLF1l0o p37995-10r2020-06-25te. 2w2020-06-25yLFPDZNo se presta 0010718PDaPDbPDcCTd2013-03-11iLF1l0o p37995-20r2020-06-25w2020-06-25yLFPDZNo se presta c37485d37485